000 01192cam a2200301 i 4500
003 SA-RiAUC
005 20241119065443.0
008 241118s2013 su g b 001r0 ara c
020 _a9786039038955
040 _aSA-RiKKMA
_bara
_cSA-RiAUC
_erda
082 0 4 _a252.48
_qSA-RiAUC
090 _a252.48
_bس ل م
100 1 _aالسلمي، عبد الله بن ناصر،
_d1391 هجري-
_eمؤلف.
245 1 0 _aأثر الطوارئ على نية زكاة العقار /
_cتأليف عبد الله بن ناصر السلمي.
250 _aالطبعة الأولى.
264 1 _aالرياض :
_bمركز ابن تيمية للنشر والتوزيع،
_c2013
300 _a112 صفحة ؛
_c24 × 17 سم
336 _aنص
_btxt
_2rdacontent
_3كتاب
337 _aبدون وسيط
_bn
_2rdamedia
338 _aمجلد
_bnc
_2rdacarrier
500 _aكشافات : صفحة 91-98.
504 _aببليوجرافية : صفحة 99-110.
650 7 _aالنية (فقه إسلامي)
_2aucsh
650 7 _aزكاة العقارات
_2aucsh
650 7 _aالزكاة (فقه إسلامي)
_2aucsh
942 _2ddc
_cBOOK
_n0
949 _aSA-JeALM
_d241118
_umohamedma123
_n1
999 _c2488
_d2488